Представление документа в формате RUSMARC

ПолеНазваниеЗначение
  Тип записи a
  Библиографический уровень a
001 Контрольный номер e1cd1e736b91465ab8b8e6e202fb5016
005 Дата корректировки 20240117154328.1
100 Данные общей обработки __
a Данные общей обработки 20240117 ||| 0rusy0189 ca
101 Язык документа 0_
a Язык текста rus
102 Страна публикации __
a Страна публикации RU
200 Заглавие и сведения об ответственности 1_
a Заглавие Три города - один мост
e Сведения, относящиеся к заглавию [в Китае построен самый длинный морской мост в мире]
461 Уровень набора _0
1 2000
a Думай
463 Уровень физической единицы _0
1 2000
a № 11 (51)
v С. 38-39 : ил., фот.
1 2101
d 2023
1 00198786b02a5754cdeacc3890ef8a87b15
606 Тематические рубрики 0_
a Основная рубрика Транспорт - Мосты
y Географическая подрубрика Китай
y Географическая подрубрика Гонконг, город, Китай
y Географическая подрубрика Чжухай, город, Китай
y Географическая подрубрика Макао, город, Китай
y Географическая подрубрика Жемчужная река, Китай
y Географическая подрубрика Чжуцзян, река, Китай
610 Ключевые слова 0_
a Ключевые слова мосты Китая, морские мосты, Гонконг-Чжухай-Макао (мост), транспорт, транспортные сооружения, пути сообщения, подводные тоннели, мосты Гонконга, бетонные мосты, балочные мосты, мировые рекорды, рекорды Китая, мировые рекордсмены
686 Индексы других классификаций __
a Классификационный индекс 39
801 Источник записи _0
a Страна RU
b Организация УОБДЮ
c Дата составления 20240117
g Правила каталогизации RCR
801 Источник записи _1
a Страна RU
b Организация УОБДЮ
c Дата составления 20240117
g Правила каталогизации RCR
901 Тип документа __
t Тип документа b
w Контрольный № источника 98786b02a5754cdeacc3890ef8a87b15
905 Данные по созданию БЗ __
b Логин пользователя, который создал БЗ ibo1